| 000 | 01398nam a22002297a 4500 | ||
|---|---|---|---|
| 999 |
_c57205 _d57205 |
||
| 003 | Ge_BSU | ||
| 005 | 20200116110220.0 | ||
| 008 | 200116s2019 ge ||||| |||| 00| 0 geo d | ||
| 020 | _a9789941266102 | ||
| 041 | _ageo | ||
| 080 | _a338+63+796.5 ა-16 | ||
| 100 |
_aაბესაძე, თეიმურაზ. _96124 |
||
| 245 |
_aაჭარის ქედის მუნიციპალიტეტის წონიარისის თემში კერძო საკარმიდამოებზე ტურიზმის ბიზნესის განვითარების რესურსები : _bსასწავლო-მეთოდური სახელმძღვანელო / _cთეიმურაზ აბესაძე ; სალომე ბესტაევა ; ნათია კონცელიძე ; რედ . როსტომ ბერიძე . |
||
| 264 |
_aბათუმი : _bუნივერსალი, _c2019. |
||
| 300 |
_a68 გვ.: _bილ.; ცხრ .; _c25 სმ. |
||
| 653 | _aტურიზმი | ||
| 653 | _aეკონომიკა | ||
| 700 |
_aბესტაევა, სალომე _96128 |
||
| 700 |
_aკონცელიძე, ნათია _96145 |
||
| 700 |
_aბერიძე, როსტომ _eრედაქტორი _91686 |
||
| 942 |
_2udc _cBK |
||